000 nam a22 7a 4500
999 _c9466
_d9466
008 180131b ||||| |||| 00| 0 eng d
100 _aKishnani, M
_95102
245 _aScience : Lab manual-VIII
260 _aNew Delhi
_bRachna Sagar Publication
_c2008